Score 0/14 Timer 07:00
0 Plays Today
Peak Rank Name % Correct
297India
68.7%
36Jordan
50%
821Ireland
47.1%
236Chad
46.3%
202Israel
46.1%
274Georgia
46.1%
410America
43.9%
Peak Rank Name % Correct
508Kenya
35.6%
305Lucia
18.4%
108Vincent
17.1%
345Marshall
16%
424Solomon
14.7%
53Sierra
12.7%
330Salvador
11.9%
Remove Ads.
Support Sporcle.
Get the best of Sporcle when you Go Orange. This ad-free experience offers more features, more stats, and more fun while also helping to support Sporcle. Thank you for becoming a member.

You're not logged in!

Compare scores with friends on all Sporcle quizzes.
OR
Log In

Sporcle TV

Today on Sporcle TV


Watch our educational content, quiz creation guides, and fun videos on Sporcle TV.

Show Comments

Extras

Top Quizzes Today


Score Distribution

Paid Content

Your Account Isn't Verified!

In order to create a playlist on Sporcle, you need to verify the email address you used during registration. Go to your Sporcle Settings to finish the process.

Report this User

Report this user for behavior that violates our Community Guidelines.

Details: